000 00900nam a2200301Ia 4500
003 OSt
005 20220912145820.0
006 a|||||r|||| 00| 0
007 ta
008 220909b |||||||| |||| 00| 0 eng d
020 _a9781588297075 (hbd)
024 _a81412
037 _b1484, 25/08/2008, India Book Agency
037 _cTextbook
040 _aCSL
_beng
_cCSL
041 _aeng
082 _aG11:(9S:71), P8.1 TK
100 _aKeith Jonathan M Ed.
245 0 _aBioinformatics
260 _aNew Jersey
_bHumana Press
_c2008
300 _ap.
_ccm.
490 _aMethods in Molecular Biology
500 _aIncludes bibliographical references.; Index 537-551p.
650 _a Bioinformatics
650 _aZoology
942 _hG11:(9S:71), P8.1 TK
_cTB
_2CC
999 _c38910
_d38910